Statistics for Countries or Capitals Beginning or Ending with L

Click here to take the quiz!

General Stats

  • This quiz has been taken 122 times
    (119 since last reset)
  • The average score is 18 of 27

Answer Stats

Answer % Correct
Latvia
92%
Lithuania
92%
London
84%
Luxembourg
82%
Lebanon
82%
Liberia
82%
Liechtenstein
81%
Luanda
80%
Laos
78%
Lisbon
77%
Lesotho
77%
Lusaka
76%
Libya
76%
Lima
73%
Lome
70%
Lilongwe
67%
Ljubljana
61%
Senegal
56%
Brazil
54%
Kabul
54%
Libreville
53%
Nepal
52%
Israel
51%
La Paz
44%
Seoul
43%
Banjul
42%
Portugal
41%

Score Distribution

Percentile by Number Answered

Percent of People with Each Score

Your Score History

You have not taken this quiz since the last reset